000 00439nam a2200133Ia 4500
008 151001s9999||||xx |||||||||||||| ||und||
100 _aमुकेश नादान
245 _aशिकारी का शिकंजा तथा अन्य कहॉनियॉ
250 _a1
260 _bहार्दिक प्रकाशन नई दिल्ली
260 _c२०११
300 _a75
365 _b24
999 _c1000640
_d1000637